| 000 -LEADER |
| fixed length control field |
00735nam a2200205Ia 4500 |
| 001 - CONTROL NUMBER |
| control field |
3237 |
| 003 - CONTROL NUMBER IDENTIFIER |
| control field |
GE_BSU |
| 008 - FIXED-LENGTH DATA ELEMENTS--GENERAL INFORMATION |
| fixed length control field |
181216s||||||||xx |||||||||||||| ||und|| |
| 040 ## - CATALOGING SOURCE |
| Transcribing agency |
GE_BSU |
| 080 ## - UNIVERSAL DECIMAL CLASSIFICATION NUMBER |
| Universal Decimal Classification number |
624.001.2(035) |
| 100 ## - MAIN ENTRY--PERSONAL NAME |
| Personal name |
Величкин,А.П. Козлов,В.Ш. Харитов,И.Г. и др. |
| 245 ## - TITLE STATEMENT |
| Title |
Справочник проектировщика инженерных сооружений. |
| 245 ## - TITLE STATEMENT |
| Statement of responsibility, etc. |
Под ред. А.П.Величкина и В.Ш.Козлова. |
| 260 ## - PUBLICATION, DISTRIBUTION, ETC. |
| Place of publication, distribution, etc. |
Киев. |
| 260 ## - PUBLICATION, DISTRIBUTION, ETC. |
| Name of publisher, distributor, etc. |
Будiвельник. |
| 260 ## - PUBLICATION, DISTRIBUTION, ETC. |
| Date of publication, distribution, etc. |
1973. |
| 300 ## - PHYSICAL DESCRIPTION |
| Extent |
551 стр. 25 см. |
| 653 ## - INDEX TERM--UNCONTROLLED |
| Uncontrolled term |
Справочник проектировщика инженерных сооружений. |
| 942 ## - ADDED ENTRY ELEMENTS (KOHA) |
| Koha item type |
წიგნი |